00744 2200193 4500001002100000005001500021035002000036245016300056100002600219250002000245300005800265856002800323700009800351260003700449082000800486084001400494020002200508650002000530INLIS00000000114845720260526091116 a0010-05260001341 aKumpulan Dongeng Negeri Rusia /cPenulis: Winkanda Satria Putra, Editor: Dwi Prabantini, Setting: Wiskhak, Desain Cover: Priyo Wicaksono, Korektor: A. Ria P.U0 aWinkanda Satria Putra aCetakan Pertama aviii + 100 halaman :bIlustrasi ;c19 x 23 cmeKertas aPerpustakaan Keliling 20 aEditor: Dwi Prabantini, Setting: Wiskhak, Desain Cover: Priyo Wicaksono, Korektor: A. Ria P.U aYogyakarta :bANDI OFFSET,c2017 a813 a813 WIN k a978-979-29-6137-9 4aCHILDRENS BOOKS